Normal view
MARC view
Entry Topical Term
001 - CONTROL NUMBER
- control field: 10856
003 - CONTROL NUMBER IDENTIFIER
- control field: OSt
005 - DATE AND TIME OF LATEST TRANSACTION
- control field: 20240416000310.0
008 - FIXED-LENGTH DATA ELEMENTS
- fixed length control field: 240416|| aca||aabn | a|a d
040 ## - CATALOGING SOURCE
- Original cataloging agency: OSt
- Transcribing agency: OSt
150 ## - HEADING--TOPICAL TERM
- Topical term or geographic name entry element: Consumers' preference
670 ## - SOURCE DATA FOUND
- Source citation: Work cat.: (OSt): Bayan, Rejean, author 10855, Determine the consumer's preferences for energy drinks consumption among athletes of Cavite State University - Rosario /, 2017
